Microcomputer concepts and applications Strategies for hard disk and network systems
It provides an introduction to microcomputer application tools ( DOS, Wordperfect 5.1, Lotus 1-2-3 versions 2.0 and 2.2 and dBase iV version 1.1). It pioneers the marriage of the skill appoach and the concepts approach for the appications software class. It was written from the biginning with a sing...
Na minha lista:
| Autor principal: | |
|---|---|
| Formato: | Livro |
| Idioma: | Undetermined |
| Publicado em: |
New York
Harper Collins
1991
|
| Assuntos: | |
| Tags: |
Adicionar Tag
Sem tags, seja o primeiro a adicionar uma tag!
|
| Thư viện lưu trữ: | Trung tâm Học liệu Trường Đại học Cần Thơ |
|---|
| LEADER | 01227nam a2200205Ia 4500 | ||
|---|---|---|---|
| 001 | CTU_36773 | ||
| 008 | 210402s9999 xx 000 0 und d | ||
| 082 | |a 004.16 | ||
| 082 | |b P523 | ||
| 100 | |a Bryan Pfaffenberger | ||
| 245 | 0 | |a Microcomputer concepts and applications | |
| 245 | 0 | |b Strategies for hard disk and network systems | |
| 245 | 0 | |c Bryan Pfaffenberger | |
| 260 | |a New York | ||
| 260 | |b Harper Collins | ||
| 260 | |c 1991 | ||
| 520 | |a It provides an introduction to microcomputer application tools ( DOS, Wordperfect 5.1, Lotus 1-2-3 versions 2.0 and 2.2 and dBase iV version 1.1). It pioneers the marriage of the skill appoach and the concepts approach for the appications software class. It was written from the biginning with a single goal: to make the most of the fruitful interplay between the learning of skills and the learning of concepts. Students learn not only which key to press, but even more, how to expert computer knowledge to new applications and the new computing enviroments. | ||
| 650 | |a dBase IV ( computer program ),lotus 1-2-3,microcomputers,wordperfect ( computer program ) | ||
| 904 | |i Nguyễn Quang Điền, 010704 | ||
| 980 | |a Trung tâm Học liệu Trường Đại học Cần Thơ | ||